00977nam a22002297a 450000100060000000300080000600500170001400800410003103500190007204000350009104100080012608200300013410000240016424501410018826001040032930000380043350201090047150400360058065000630061670000360067970000320071582317BD-RjUL20231120155231.0231120s2019 bg a|||| m||| 00| 0 eng d a(BD-RjUL)82317 aBD-RjULbengcBD-RjULdBD-RjUL aeng 223a304.6095492bHOE 2019 aHossain, Md. Sabbir10aEstimation of demographic parameters in Bangladesh /cSubmitted by Md. Sabbir Hossain ;6Supervisor : Md. Rafiqul Islam, & M. Kurban Ali aRajshahi :bDDepartment of Population and Human Resource Development, University of Rajshahi,c2019 axxv, 213 leaves :bill, ;c29.cm. aThesis (Ph. D.) -- Department of Population and Human Resource Development, University of Rajshahi, 2019 aBibliography : Leaves 194 - 213 aDemographicxFactors affecting social behaviorzBangladesh aIslam, Md. Rafiqul, Supervisor  aAli, M. Kurban, Supervisor